Crabbe... ou Goyle? - Statistiques

Statistiques générales
  • Ce quiz a été pris 856 fois
  • Le résultat moyen est 6 sur 10
Statistiques - réponses
Question Réponse % Correct
Est envoyé à Serpentard Les deux
99%
Se prénomme Grégory Goyle
85%
Dont l'interprète, Jamie Waylett, fut arrêté en possession de cannabis et ne put poursuivre les tournages Crabbe
64%
Apparaît dans L'Enfant maudit Aucun
54%
A son identité usurpée par Harry dans La Chambre des secrets Goyle
49%
Trépasse dans les livres Crabbe
45%
Apparaît dans les huit adaptations cinématographiques Goyle
41%
Intègre l'équipe de Quidditch de Serpentard en tant que batteur Les deux
40%
Utilise le maléfice du Feudeymon dans les films Goyle
39%
Est considéré comme étant le plus intelligent des deux dans les livres Crabbe
38%
Aucun quiz correspondant
Distribution des résultats
% des personnes avec chaque résultat
Percentile par nombre de réponses
Votre historique - résultats
Vous n’avez pas pris ce quiz